<?xml version="1.0" encoding="UTF-8"?>
<record
    xmlns:xsi="http://www.w3.org/2001/XMLSchema-instance"
    xsi:schemaLocation="http://www.loc.gov/MARC21/slim http://www.loc.gov/standards/marcxml/schema/MARC21slim.xsd"
    xmlns="http://www.loc.gov/MARC21/slim">

  <leader>00809nam a22001817a 4500</leader>
  <controlfield tag="005">20111213164353.0</controlfield>
  <controlfield tag="008">111213s2009    ua||||| |||| 00| 0 ara d</controlfield>
  <datafield tag="082" ind1=" " ind2=" ">
    <subfield code="2">22</subfield>
    <subfield code="a">307.14</subfield>
    <subfield code="b">&#x639; &#x631; &#x641;</subfield>
  </datafield>
  <datafield tag="100" ind1=" " ind2=" ">
    <subfield code="9">28135</subfield>
    <subfield code="a">&#x639;&#x631;&#x641;&#x629;&#x60C; &#x634;&#x631;&#x64A;&#x641;</subfield>
  </datafield>
  <datafield tag="245" ind1=" " ind2=" ">
    <subfield code="a">&#x644;&#x645;&#x627;&#x630;&#x627; &#x645;&#x646; &#x62D;&#x648;&#x644;&#x643; &#x623;&#x63A;&#x628;&#x64A;&#x627;&#x621; &#x61F; /</subfield>
    <subfield code="c">&#x634;&#x631;&#x64A;&#x641; &#x639;&#x631;&#x641;&#x629;.</subfield>
  </datafield>
  <datafield tag="250" ind1=" " ind2=" ">
    <subfield code="a">&#x637;. 4.</subfield>
  </datafield>
  <datafield tag="260" ind1=" " ind2=" ">
    <subfield code="a">&#x627;&#x644;&#x642;&#x627;&#x647;&#x631;&#x629; :</subfield>
    <subfield code="b">&#x62F;&#x627;&#x631; &#x627;&#x644;&#x627;&#x641;&#x642; &#x644;&#x644;&#x646;&#x634;&#x631; &#x648;&#x627;&#x644;&#x62A;&#x648;&#x632;&#x64A;&#x639;&#x60C;</subfield>
    <subfield code="c">2009.</subfield>
  </datafield>
  <datafield tag="300" ind1=" " ind2=" ">
    <subfield code="a">271 &#x635;. :</subfield>
    <subfield code="b">&#x635;&#x648;&#x631; &#x61B;</subfield>
    <subfield code="c">20 &#x633;&#x645;.</subfield>
  </datafield>
  <datafield tag="650" ind1=" " ind2=" ">
    <subfield code="9">28136</subfield>
    <subfield code="a">&#x627;&#x644;&#x62A;&#x646;&#x645;&#x64A;&#x629; &#x627;&#x644;&#x628;&#x634;&#x631;&#x64A;&#x629;</subfield>
    <subfield code="2">&#x627;&#x644;&#x641;&#x647;&#x631;&#x633; &#x627;&#x644;&#x639;&#x631;&#x628;&#x64A; &#x627;&#x644;&#x645;&#x648;&#x62D;&#x62F;</subfield>
  </datafield>
  <datafield tag="653" ind1=" " ind2=" ">
    <subfield code="b">Ara</subfield>
    <subfield code="c">December2011</subfield>
  </datafield>
  <datafield tag="942" ind1=" " ind2=" ">
    <subfield code="2">ddc</subfield>
    <subfield code="c">BB</subfield>
  </datafield>
  <datafield tag="999" ind1=" " ind2=" ">
    <subfield code="c">16323</subfield>
    <subfield code="d">16323</subfield>
  </datafield>
  <datafield tag="952" ind1=" " ind2=" ">
    <subfield code="0">0</subfield>
    <subfield code="1">0</subfield>
    <subfield code="2">ddc</subfield>
    <subfield code="4">0</subfield>
    <subfield code="7">0</subfield>
    <subfield code="8">alef</subfield>
    <subfield code="a">MAIN</subfield>
    <subfield code="b">MAIN</subfield>
    <subfield code="c">1ST</subfield>
    <subfield code="d">2011-12-13</subfield>
    <subfield code="e">Purchase</subfield>
    <subfield code="g">22.00</subfield>
    <subfield code="h">3161</subfield>
    <subfield code="o">307.14 &#x639; &#x631; &#x641;</subfield>
    <subfield code="p">000025834</subfield>
    <subfield code="r">2025-07-15 00:00:00</subfield>
    <subfield code="s">2021-01-21</subfield>
    <subfield code="y">BB</subfield>
  </datafield>
</record>
